Serie den Charakteren zuordnen - Statistiken

Allgemein
  • Dieses Quiz wurde 151 mal gespielt
  • Das Durchschnittsergebnis liegt bei 7 aus 15
Antwortstatistiken
Hinweis Antwort % Korrekt
Ted Mosby, Lily Aldrin, Marshall Eriksen How I Met Your Mother
80%
Glenn Quagmire, Stewie Griffin, Joe Swanson Family Guy
76%
Jon Snow, Brienne von Tarth, Jaime Lannister Game of Thrones
75%
Hank Schrader, Mike Ehrmantraut, Jesse Pinkman Breaking Bad
68%
Rick Grimes, Eugene Porter, Daryl Dixon The Walking Dead
56%
Phil Dunphy, Mitchell Pritchett, Manny Delgado Modern Family
55%
Terry Jeffords, Rosa Diaz, Jacob Peralta Brooklyn Nine-Nine
53%
Dr. John Dorian, Carla Espinosa, Dr. Perry Cox Scrubs - Die Anfänger
52%
Dustin Henderson, Jim Hopper, Maxine Mayfield Stranger Things
52%
Sara Tancredi, Lincoln Burrows, John Abruzzi Prison Break
44%
Samantha Jones, Carrie Bradshaw, Charlotte York Sex and the City
43%
Erika Burstedt, Ulf Steinke, Tanja Seifert Stromberg
31%
Debra Morgan, Angel Batista, James Doakes Dexter
25%
Elizabeth Keen, Donald Ressler, Mr. Kaplan The Blacklist
20%
Jack Shephard, Sayid Jarrah, Boone Carlyle Lost
19%
Keine übereinstimmenden Quizze gefunden
Verteilung der Resultate
Anzahl Personen mit jedem Resultat
Perzentil nach korrekt beantworteten Fragen
Ihre Resultats-Entwicklung
Sie haben dieses Quiz noch nicht gespielt